000
00194 a2200097 4500
001
25818
100
_a
Milne, L J
245
_a
Mountains
260
_a
_b
Time Life
_c
1963
090
_c
17446
_d
17446
942
_a
NUST-CAE
_c
M
_c
8276
999
_c
260891
_d
260891